000 00424nam a2200181Ia 4500
001 19299
005 20260306172643.0
008 260306t2011||||xx |||||||||||||| ||spa||
041 _aESP
082 _a658.83
_bM12 2011
100 _aMcDaniel, Carl
_eAUT
245 0 _aInvestigación de mercados
260 _c2011
300 _a694 pƔginas :
_c27 cm.
650 _aGEN
654 _aCAN
942 _cLIB
_dJUS
_fJUS
_2ddc
_n
999 _c19299
_d19299